Los funerales de la Mamá Grande

Los funerales de la Mamá Grande es una colección de ocho cuentos del escritor colombiano Gabriel García Márquez. La primera edición de este libro data de 1962, cuando fue publicada por la Universidad Veracruzana de Xalapa.​ Los cuentos fueron escritos entre 1959 y 1962 en Colombia, Venezuela y Méxic...

Full description

Bibliographic Details
Main Author: García Márquez, Gabriel 1927-2014
Format: Libro
Language:Spanish
Published: Buenos Aires : Sudamericana, 1969.
Edition:Quinta edición.
Series:Índice
Subjects:

MARC

LEADER 00000nam a2200000Ia 4500
003 UAHC
005 20240514201438.0
008 240513s1969 ag 000 0 spa d
035 |a CENTRAL 
040 |a UAHC  |c UAHC 
082 |a 863  |b G216  |2 21 
100 |a García Márquez, Gabriel  |d 1927-2014  |9 377 
245 0 |a Los funerales de la Mamá Grande  |c Gabriel García Márquez. 
250 |a Quinta edición. 
260 |a Buenos Aires :  |b Sudamericana,   |c 1969. 
300 |a 147 páginas. 
440 |a Índice  |9 19604 
520 |a Los funerales de la Mamá Grande es una colección de ocho cuentos del escritor colombiano Gabriel García Márquez. La primera edición de este libro data de 1962, cuando fue publicada por la Universidad Veracruzana de Xalapa.​ Los cuentos fueron escritos entre 1959 y 1962 en Colombia, Venezuela y México. 
650 0 |a Cuentos colombianos   |9 19605 
942 |c BK  |2 ddc 
952 |0 0  |1 0  |2 ddc  |4 0  |6 CO_863_000000000000000_GMA  |7 0  |8 COMP  |9 99472  |a BC  |b BC  |c General  |d 2024-05-14  |e Donación  |l 0  |o Co863 GMA  |p 1444302  |r 2025-11-26 00:00:00  |t 1  |w 2024-05-14  |y BK  |B LLEN 
999 |c 61691  |d 61691